000
00226nam a22000857a 4500
008
161026b xxu||||| |||| 00| 0 eng d
100
_9
963
_a
NCERT
245
_a
Foot Prints Without Feet
260
_a
New Delhi
_b
NCERT Publications
_c
2006
999
_c
3621
_d
3621